000 00528nam a2200193Ia 4500
005 20250326140738.0
008 250326s9999 xx 000 0 und d
037 _aTextbook
040 _aFMSL
_beng
_cFMSL
041 _aeng
_2eng
084 _aX:9 Q1
_qFMSL
100 _aRowley C
_9742967
245 0 _aHuman resource management
_cRowley C; Jackson K
260 _aLondon
_bLondon, Routledge
_c2011
365 _b1376.1900000000001
650 _aManagement
942 _cTB
_hX:9 Q1
999 _c1287113
_d1287113